Can You Name All The Characteristics Of Shelly From Brawl Stars? - Statistics

General Stats
  • This quiz has been taken 3 times
  • The average score is 4 of 15
Answer Stats
Hint Answer % Correct
Rarity Starter
100%
Gadgets Clay Pigeons
67%
Trait No
67%
Star Power Band-Aid
33%
Class Damage Dealer
33%
Title No Time To Explain
33%
Star Power Shell Shock
33%
Super Super Shell
33%
Buffies Yes
33%
Attack Buckshot
0%
Hypercharge Double Barrel
0%
Prestige Title Fantastico
0%
Gadgets Fast Forward
0%
Trio Ranger Ranch
0%
Voice Actor Sandra Espinoza
0%
No matching quizzes found
Score Distribution
Percent of People with Each Score
Percentile by Number Answered
Your Score History
You have not taken this quiz